|
|
|
|
| LEADER |
00904pam a22002898a 4500 |
| 001 |
00031012 |
| 005 |
20171026081025.0 |
| 008 |
130827s2007 ||||||Viesd |
| 020 |
|
|
|c 120000
|
| 041 |
0 |
# |
|a Vie
|
| 082 |
1 |
# |
|a 809
|b H404T
|
| 100 |
1 |
# |
|a Đoàn, Đức Phương
|e Tuyển chọn, giới thiệu
|
| 245 |
0 |
0 |
|a Hoài Thanh về tác gia và tác phẩm
|c Đoàn Đức Phương (tuyển chọn, giới thiệu)
|
| 260 |
# |
# |
|a Hà Nội
|b Giáo Dục
|c 2007
|
| 300 |
# |
# |
|a 511 tr.
|c 24 cm.
|
| 600 |
1 |
4 |
|a Hoài, Thanh
|
| 653 |
# |
# |
|a Tác gia
|
| 653 |
# |
# |
|a Tác phẩm
|
| 653 |
# |
# |
|a Phê bình văn học
|
| 653 |
# |
# |
|a Văn học Việt Nam
|
| 852 |
# |
# |
|b Kho đọc
|j KD.0014859
|
| 852 |
# |
# |
|j KD.0014859
|
| 910 |
|
|
|d 8/2013
|
| 980 |
# |
# |
|a Trung tâm Học liệu Lê Vũ Hùng, Trường Đại học Đồng Tháp
|